000 00475nam a2200169Ia 4500
008 200115s9999 xx 000 0 und d
100 _aBuchanan, Kathy
245 _aNever too young to care/
245 _cKathy Buchanan
260 _bReader's Digest Asia
260 _c2019
300 _aPages 36-37, August 2019
440 _aAsia Reader's Digest: Acts of Kindness Everyone can do
_v116:678
650 _ahomeless people
650 _ahomelessness
650 _alove
999 _c362918
_d362918